|
|
|
|
| LEADER |
00000cam a2200000 a 4500 |
| 001 |
51491 |
| 005 |
20230308171512.0 |
| 008 |
000000|1948 ||||||||r|||||||||||spa|| |
| 040 |
|
|
|b spa
|
| 041 |
1 |
|
|a spa
|
| 082 |
0 |
|
|a 980
|
| 245 |
1 |
1 |
|a Estudios de historia de América
|c Pedro M. Arcaya y Víctor Frankl
|h imp
|
| 264 |
|
|
|a México
|b Instituto Panamericano de Geografía e Historia
|c 1948
|
| 300 |
|
|
|a 370 páginas:
|c 23 cm
|
| 504 |
|
|
|a incl. ref.
|
| 650 |
1 |
|
|a Historia de america
|9 370
|
| 650 |
1 |
|
|a Descubrimiento de venezuela
|9 61739
|
| 700 |
1 |
|
|a Aracaya, Pedro M.
|9 61740
|
| 700 |
1 |
|
|a Frankl, Víctor
|9 61741
|
| 852 |
|
|
|a UC-CDJBV
|c TERCER PISO
|f Donación
|k margarita.gutierrez
|l 1
|m General
|p 00000000
|r 2
|t 51491
|y 144945
|b 0
|d CDRC
|e CDRC
|g 980 TERCER PISO
|z 0000-00-00
|
| 942 |
|
|
|c BK
|
| 999 |
|
|
|c 36343
|d 36343
|